[Event "aut_chT03"]
[Site "Jenbach"]
[Date "2003.11.29"]
[Round "2"]
[Board "3"]
[White "Steflitsch, Erich"]
[Black "Schlosser, Michael"]
[Result "1/2-1/2"]
[WhiteElo "2388"]
[BlackElo "2372"]
[PlyCount "104"]

1.e4 g6 2.d4 Bg7 3.Nf3 d6 4.c3 Nf6 5.Bd3 O-O 6.h3 e5 7.O-O Nc6 8.Re1 h6 9.Na3
Nh7 10.Bc2 Bd7 11.Nc4 Kh8 12.a4 a5 13.b3 exd4 14.cxd4 f5 15.Bb2 Nb4 16.e5 Nxc2
17.Qxc2 Bc6 18.Qc3 g5 19.Rad1 Bd5 20.Nh2 h5 21.Ba3 Ra6 22.Nxa5 g4 23.Nc4 Qg5
24.hxg4 fxg4 25.Ne3 Bc6 26.exd6 g3 27.fxg3 Qxg3 28.dxc7 Bxg2 29.Nxg2 Qxc3
30.Bxf8 Qxc7 31.Re7 Qc2 32.Bxg7+ Kg8 33.Rf1 Rg6 34.Rf2 Qb1+ 35.Nf1 Rxg7 36.Re8+
Nf8 37.Rexf8+ Kh7 38.R8f5 Qxb3 39.Rxh5+ Kg8 40.a5 Qc4 41.Rd2 Qc3 42.Rc5 Qb4
43.Rd3 Rg4 44.Rf5 Rxd4 45.Rg3+ Rg4 46.Rxg4+ Qxg4 47.Nfe3 Qb4 48.Kf2 b5 49.axb6
Qxb6 50.Nf4 Qb1 51.Rc5 Qb6 52.Rf5 Qb1

[Event "aut_chT03"]
[Site "Jenbach"]
[Date "2003.11.29"]
[Round "2"]
[Board "6"]
[White "Frosch, Ronald"]
[Black "Titz, Heimo"]
[Result "1/2-1/2"]
[WhiteElo "2210"]
[BlackElo "2259"]
[PlyCount "81"]

1.d4 Nf6 2.Nf3 e6 3.e3 c5 4.Bd3 Nc6 5.c3 d5 6.O-O Bd6 7.Nbd2 O-O 8.dxc5 Bxc5
9.e4 e5 10.exd5 Qxd5 11.Qc2 h6 12.Ne4 Be7 13.Rd1 Qa5 14.h3 Be6 15.Nxf6+ Bxf6
16.Bf5 Rfe8 17.Be3 Rad8 18.Rxd8 Qxd8 19.Bxe6 Rxe6 20.Rd1 Rd6 21.Rxd6 Qxd6 22.Qd2
Qe6 23.b3 e4 24.Nd4 Bxd4 25.Bxd4 Qd5 26.Be3 Qxd2 27.Bxd2 b5 28.f3 exf3 29.gxf3
f5 30.Kf2 Kf7 31.h4 Kf6 32.f4 g6 33.Ke2 Ke6 34.Kd3 Kd5 35.Be3 a6 36.c4+ bxc4+
37.bxc4+ Kd6 38.Kc3 Ke6 39.Bc5 Kf6 40.Bd4+ Ke6 41.Bc5

[Event "aut_chT03"]
[Site "Jenbach"]
[Date "2003.11.29"]
[Round "2"]
[Board "2"]
[White "Rabiega, Robert"]
[Black "Hertneck, Gerald"]
[Result "1-0"]
[WhiteElo "2527"]
[BlackElo "2536"]
[PlyCount "99"]

1.e4 e6 2.d4 d5 3.Nc3 Bb4 4.exd5 exd5 5.Bd3 Nc6 6.a3 Be7 7.Nce2 Bg4 8.c3 Bh5
9.Qb3 Na5 10.Qa4+ c6 11.Nf4 Bg6 12.Nxg6 hxg6 13.Nf3 Bd6 14.h3 Ne7 15.O-O Qb6
16.Nd2 Qc7 17.Re1 b5 18.Qc2 O-O-O 19.a4 b4 20.Nb3 Nxb3 21.Qxb3 bxc3 22.Qxc3 Kb7
23.b4 Ka8 24.Bd2 Rb8 25.b5 Rhc8 26.Rac1 Qd8 27.Qb3 cxb5 28.axb5 Rxc1 29.Rxc1 Qb6
30.Qa4 Rc8 31.Ra1 Nf5 32.Qa2 Ne7 33.Be2 Kb8 34.Bf3 Qb7 35.Re1 Rc7 36.g3 Qc8
37.Rxe7 Bxe7 38.Bf4 Qb7 39.Bxd5 Qxb5 40.Bxc7+ Kxc7 41.Qxa7+ Kd6 42.Bxf7 Qb1+
43.Kh2 Qf5 44.Qb6+ Kd7 45.Qb7+ Kd6 46.Qb8+ Kd7 47.Be8+ Ke6 48.Qb3+ Kd6 49.Qb6+
Kd5 50.Bf7+

[Event "aut_chT03"]
[Site "Jenbach"]
[Date "2003.11.29"]
[Round "2"]
[Board "3"]
[White "Zelcic, Robert"]
[Black "Muse, Mladen"]
[Result "1-0"]
[WhiteElo "2524"]
[BlackElo "2452"]
[PlyCount "67"]

1.e4 c5 2.Nf3 d6 3.d4 cxd4 4.Nxd4 Nf6 5.Nc3 g6 6.Be2 Bg7 7.O-O O-O 8.Bg5 a6 9.a4
Nbd7 10.Re1 Nc5 11.Bf1 Ne6 12.Nxe6 Bxe6 13.Nd5 Bxd5 14.exd5 Re8 15.Ra3 Qa5 16.c4
Nd7 17.Rae3 Bxb2 18.Rxe7 Rxe7 19.Rxe7 Nc5 20.Qe2 Be5 21.Rxe5 dxe5 22.Qxe5 Nd7
23.Qe7 Qxa4 24.c5 Nf8 25.Qxb7 Re8 26.Be3 Qd1 27.d6 a5 28.Qf3 Qxf3 29.gxf3 a4
30.c6 a3 31.Bc4 Rc8 32.c7 Nd7 33.Ba6 a2 34.Bd4

[Event "aut_chT03"]
[Site "Jenbach"]
[Date "2003.11.29"]
[Round "2"]
[Board "4"]
[White "Herndl, Harald"]
[Black "Danner, Georg"]
[Result "0-1"]
[WhiteElo "2313"]
[BlackElo "2393"]
[PlyCount "58"]

1.d4 d5 2.c4 dxc4 3.e3 e5 4.Bxc4 exd4 5.exd4 Nf6 6.Nf3 Bb4+ 7.Nc3 O-O 8.O-O Bg4
9.Be3 Nc6 10.a3 Bxc3 11.bxc3 Qd6 12.Re1 Rae8 13.a4 Na5 14.Ba2 Nd5 15.Bd2 Rxe1+
16.Qxe1 Bxf3 17.gxf3 Nc6 18.Qe4 Nf6 19.Qh4 Re8 20.Kh1 Ne7 21.Qg5 Ng6 22.h4 Re2
23.Be3 h6 24.Qb5 Rxa2 25.Rxa2 Qe6 26.Kh2 Qxa2 27.Qxb7 Qd5 28.Qxc7 Qxf3 29.Qg3
Qe4

[Event "aut_chT03"]
[Site "Jenbach"]
[Date "2003.11.29"]
[Round "2"]
[Board "6"]
[White "Frosch, Erich"]
[Black "Ljubic, Juro"]
[Result "1-0"]
[WhiteElo "2341"]
[BlackElo "2241"]
[PlyCount "65"]

1.b3 e5 2.Bb2 Nc6 3.e3 a6 4.Nf3 d6 5.d4 e4 6.Nfd2 Bf5 7.c4 Qg5 8.Nc3 Nf6 9.h3 h5
10.a3 h4 11.b4 Be7 12.Ne2 Nh5 13.b5 Nb8 14.Qb3 O-O 15.Rg1 Nd7 16.g4 hxg3 17.fxg3
Nhf6 18.Nf4 Bh7 19.O-O-O axb5 20.cxb5 c6 21.h4 Qh6 22.Bh3 Rfd8 23.g4 Nd5 24.g5
Qxh4 25.g6 Bxg6 26.Nxg6 Qxh3 27.Rh1 Qxh1 28.Rxh1 fxg6 29.Nxe4 Ra5 30.Nc3 Bg5
31.Nxd5 Rxb5 32.Nb4+ d5 33.Qd3

[Event "aut_chT03"]
[Site "Jenbach"]
[Date "2003.11.29"]
[Round "2"]
[Board "1"]
[White "Tischbierek, Raj"]
[Black "Pinter, Jozsef"]
[Result "1/2-1/2"]
[WhiteElo "2507"]
[BlackElo "2501"]
[PlyCount "55"]

1.e4 e5 2.Nf3 Nc6 3.Bb5 Nf6 4.O-O Nxe4 5.d4 Nd6 6.Bxc6 dxc6 7.dxe5 Nf5 8.Qxd8+
Kxd8 9.Nc3 h6 10.h3 Ne7 11.b3 Bd7 12.Bb2 b6 13.Rad1 Kc8 14.Nd4 c5 15.Nde2 a5
16.a4 Nc6 17.Nb5 Bf5 18.Rd2 h5 19.Nf4 Kb7 20.Nd5 Rc8 21.f4 h4 22.Ne3 Rh5 23.Nxf5
Rxf5 24.Rd7 Nb8 25.Rd3 Re8 26.Nc3 f6 27.exf6 Rxf6 28.Nd5

[Event "aut_chT03"]
[Site "Jenbach"]
[Date "2003.11.29"]
[Round "2"]
[Board "2"]
[White "Schenk, Andreas"]
[Black "Vogt, Lothar"]
[Result "1/2-1/2"]
[WhiteElo "2499"]
[BlackElo "2466"]
[PlyCount "25"]

1.d4 Nf6 2.c4 g6 3.Nc3 Bg7 4.e4 d6 5.Nf3 O-O 6.Be2 Bg4 7.Be3 Nfd7 8.Rc1 a6 9.b4
Nb6 10.Nd2 Bxe2 11.Nxe2 c6 12.d5 a5 13.a3

[Event "aut_chT03"]
[Site "Jenbach"]
[Date "2003.11.29"]
[Round "2"]
[Board "4"]
[White "Baumegger, Siegfried"]
[Black "Bokros, Albert"]
[Result "0-1"]
[WhiteElo "2374"]
[BlackElo "2484"]
[PlyCount "78"]

1.Nf3 e6 2.g3 b5 3.Bg2 Bb7 4.O-O Nf6 5.b3 Be7 6.c4 a6 7.Bb2 O-O 8.Qc2 c5 9.Ng5
Bxg2 10.Bxf6 g6 11.Nxe6 Bxf6 12.Nxd8 Bxf1 13.Nc3 Bh3 14.Qe4 Rxd8 15.Qxa8 Nc6
16.Qxa6 b4 17.Rd1 bxc3 18.dxc3 Re8 19.e3 Bxc3 20.Qb6 Ra8 21.Qxc5 Rxa2 22.Qd5 Ne5
23.b4 Ng4 24.b5 Nxf2 25.Rb1 Be6 26.Qf3 Nh3+ 27.Kh1 Ng5 28.Qf4 Bf5 29.Qxg5 Bxb1
30.Qe7 Bf5 31.h4 h5 32.b6 Rb2 33.c5 Be6 34.e4 Be5 35.Qg5 Bd4 36.Qd8+ Kg7 37.Qc7
Bh3 38.Qd6 Bg2+ 39.Kh2 Bf3+

[Event "aut_chT03"]
[Site "Jenbach"]
[Date "2003.11.29"]
[Round "2"]
[Board "6"]
[White "Postl, Anton"]
[Black "Beck, Hartmuth"]
[Result "1-0"]
[WhiteElo "2306"]
[BlackElo "2280"]
[PlyCount "101"]

1.Nf3 f5 2.c4 Nf6 3.Nc3 d6 4.g3 g6 5.Bg2 Bg7 6.O-O O-O 7.d3 e5 8.Rb1 a5 9.a3 h6
10.e4 g5 11.exf5 Bxf5 12.h4 g4 13.Ne1 Nc6 14.Nc2 Qd7 15.Ne3 Be6 16.Ned5 Nh5
17.Nb5 Rac8 18.Bd2 b6 19.b4 axb4 20.axb4 Bf5 21.Rb3 Nd8 22.Ra3 Nf6 23.Be3 Kh8
24.Ra7 Nxd5 25.Bxd5 Nc6 26.Ra4 Ne7 27.Bg2 d5 28.Ra7 Nc6 29.Bxd5 Nxb4 30.Be4 Nc6
31.Bxf5 Rxf5 32.Ra4 Rf3 33.Qd2 Kh7 34.Qc2 Qf5 35.Nc3 Rf8 36.Qe2 Bf6 37.c5 Bxh4
38.Ne4 Bd8 39.cxb6 cxb6 40.Rc4 Ne7 41.Ra1 Qd7 42.Rca4 R8f7 43.Ra7 Qd5 44.Nd2
R3f6 45.Qxg4 Nf5 46.Ne4 Nd6 47.Nxf6+ Bxf6 48.Qh5 Bg7 49.Rxf7 Nxf7 50.Ra7 Kg8
51.Qg6

[Event "aut_chT03"]
[Site "Jenbach"]
[Date "2003.11.29"]
[Round "2"]
[Board "1"]
[White "Gustafsson, Jan"]
[Black "Gyimesi, Zoltan"]
[Result "1/2-1/2"]
[WhiteElo "2572"]
[BlackElo "2553"]
[PlyCount "45"]

1.d4 Nf6 2.c4 e6 3.Nc3 Bb4 4.Qc2 O-O 5.a3 Bxc3+ 6.Qxc3 b6 7.Bg5 Ba6 8.Qf3 Nc6
9.e3 Na5 10.Rc1 c5 11.d5 exd5 12.Bxf6 Qxf6 13.Qxf6 gxf6 14.cxd5 Bxf1 15.Kxf1
Rfe8 16.Ne2 Re5 17.Nf4 Nb3 18.Rc3 c4 19.g4 Kg7 20.f3 f5 21.h3 b5 22.Kf2 Nc5
23.Rg1

[Event "aut_chT03"]
[Site "Jenbach"]
[Date "2003.11.29"]
[Round "2"]
[Board "2"]
[White "Ftacnik, Lubomir"]
[Black "Atlas, Valery"]
[Result "0-1"]
[WhiteElo "2582"]
[BlackElo "2471"]
[PlyCount "94"]

1.c4 Nf6 2.g3 c5 3.Bg2 e6 4.Nf3 a6 5.Nc3 Qc7 6.O-O b6 7.d4 cxd4 8.Bf4 d6 9.Nxd4
Bb7 10.Bxd6 Bxd6 11.Ndb5 axb5 12.Nxb5 Bxg2 13.Nxc7+ Bxc7 14.Kxg2 O-O 15.Qb3 Nbd7
16.Rfd1 h5 17.a3 Rfc8 18.Rac1 e5 19.Qb5 Nc5 20.f3 Ne6 21.Qb4 Ra5 22.Qc3 Rca8
23.Ra1 e4 24.f4 h4 25.b4 Rh5 26.e3 Bd8 27.Qb3 g5 28.a4 Ng7 29.a5 hxg3 30.axb6
Rxh2+ 31.Kxg3 Re2 32.fxg5 Nfh5+ 33.Kh3 Rxa1 34.Rxd8+ Kh7 35.Rd1 Ne6 36.c5 Nxg5+
37.Kg4 Kg6 38.Rd6+ f6 39.Qg8+ Ng7 40.Rxf6+ Kxf6 41.Qd8+ Kf7 42.Qd7+ Kg6 43.Kf4
Rf2+ 44.Ke5 Rf5+ 45.Qxf5+ Nxf5 46.c6 Nf7+ 47.Kxe4 Rb1

[Event "aut_chT03"]
[Site "Jenbach"]
[Date "2003.11.29"]
[Round "2"]
[Board "4"]
[White "Stanec, Nikolaus"]
[Black "Sinowjew, Jurij"]
[Result "1-0"]
[WhiteElo "2539"]
[BlackElo "2290"]
[PlyCount "68"]

1.c4 g6 2.Nc3 Bg7 3.g3 d6 4.Bg2 e5 5.Nf3 f5 6.d3 Nf6 7.O-O O-O 8.Rb1 Nh5 9.Bd2
f4 10.b4 g5 11.Ne4 g4 12.Ne1 Nf6 13.Nxf6+ Qxf6 14.c5 Nc6 15.cxd6 cxd6 16.b5 Nd4
17.e3 f3 18.exd4 fxg2 19.Nxg2 exd4 20.Nf4 Qf5 21.Qb3+ Kh8 22.Rfc1 Rf7 23.a4 Be5
24.Rc2 Bxf4 25.Bxf4 Be6 26.Qb4 Qxd3 27.Rd2 Qc3 28.Qxd6 Bf5 29.Rxd4 Kg8 30.Rc1
Qf3 31.Re1 Rd7 32.Qe5 Rxd4 33.Qxd4 Qd3 34.Qf6 Qd7

[Event "aut_chT03"]
[Site "Jenbach"]
[Date "2003.11.29"]
[Round "2"]
[Board "5"]
[White "Novkovic, Milan"]
[Black "Weiss, Christian"]
[Result "1-0"]
[WhiteElo "2371"]
[BlackElo "2389"]
[PlyCount "101"]

1.Nf3 g6 2.d4 Bg7 3.c4 d6 4.Nc3 Nf6 5.Bg5 O-O 6.e3 Nbd7 7.Be2 c6 8.Qc2 a6 9.O-O
b5 10.b3 Qa5 11.Rab1 b4 12.Na4 Nb6 13.Nxb6 Qxb6 14.Bd3 c5 15.d5 e5 16.Nd2 a5
17.Kh1 a4 18.Bxf6 Bxf6 19.f4 axb3 20.axb3 exf4 21.exf4 Qd8 22.f5 Be5 23.Nf3 Bg7
24.Rbe1 Ra7 25.h4 Re7 26.g4 Bc3 27.Re4 Rxe4 28.Bxe4 Qe7 29.g5 Re8 30.Bd3 Qe3
31.h5 gxh5 32.g6 fxg6 33.fxg6 Bg4 34.gxh7+ Kh8 35.Nh2 Bd4 36.Bg6 Be2 37.Bxe8
Bxf1 38.Qg6 Bg7 39.Nxf1 Qf3+ 40.Qg2 Qxb3 41.Bg6 Qxc4 42.Be4 Qa6 43.Qf3 Qa8
44.Ne3 c4 45.Qxh5 c3 46.Bc2 Qf8 47.Nf5 Qf6 48.Qg4 b3 49.Bxb3 Kxh7 50.Qxg7+ Qxg7
51.Nxg7

[Event "aut_chT03"]
[Site "Jenbach"]
[Date "2003.11.29"]
[Round "2"]
[Board "2"]
[White "Schroll, Gerhard"]
[Black "Schlosser, Philipp"]
[Result "1-0"]
[WhiteElo "2404"]
[BlackElo "2560"]
[PlyCount "69"]

1.Nf3 Nf6 2.d4 e6 3.c4 b6 4.Bf4 Bb7 5.e3 Bb4+ 6.Nfd2 O-O 7.a3 Be7 8.Nc3 c5 9.d5
exd5 10.cxd5 Bxd5 11.Nxd5 Nxd5 12.Qf3 Nxf4 13.Qxa8 Ne6 14.Qxa7 Bf6 15.Rb1 d5
16.Bb5 Qd6 17.O-O Nc7 18.Qa4 c4 19.b3 c3 20.Nf3 Nxb5 21.Qxb5 Qxa3 22.Qxb6 Qa8
23.Nd4 Nd7 24.Qc7 Qc8 25.Qxc8 Rxc8 26.Rfc1 Ne5 27.Nc2 Rb8 28.Rd1 Kf8 29.f4 Nc6
30.Rxd5 Nb4 31.Nxb4 Rxb4 32.Rc5 Ke7 33.Kf2 Kd6 34.Rc8 Kd5 35.Kf3

[Event "aut_chT03"]
[Site "Jenbach"]
[Date "2003.11.29"]
[Round "2"]
[Board "3"]
[White "Stangl, Markus"]
[Black "Loeffler, Stefan"]
[Result "0-1"]
[WhiteElo "2493"]
[BlackElo "2413"]
[PlyCount "96"]

1.Nf3 c5 2.c4 g6 3.d4 Bg7 4.e4 Qb6 5.dxc5 Qxc5 6.Bd3 d6 7.h3 b6 8.O-O Bb7 9.a3
Qc7 10.Ra2 Nc6 11.Be3 e6 12.b4 Nge7 13.Qd2 O-O 14.Nc3 Rfd8 15.Rc2 Rd7 16.Rd1
Rad8 17.Bg5 Ne5 18.Be2 Nxc4 19.Bxc4 Qxc4 20.Nd5 exd5 21.Rxc4 dxc4 22.Qf4 c3
23.Rc1 Rc8 24.Bf6 Rc4 25.Bxg7 Kxg7 26.Ng5 Ng8 27.Qg3 c2 28.Qd3 Rdc7 29.Qxd6 h6
30.Nf3 Nf6 31.Nd2 Nxe4 32.Nxe4 Bxe4 33.f3 Bf5 34.Qe5+ f6 35.Qe2 Rd4 36.Kh2 g5
37.b5 Kf7 38.f4 Rxf4 39.Qe3 Rfc4 40.Qb3 Be6 41.Qd3 Kg7 42.Qd6 Bf5 43.Qd8 Rd7
44.Qe8 Re4 45.Qc8 Re2 46.Rf1 Rxg2+ 47.Kh1 Rgd2 48.Rxf5 Rd1+

[Event "aut_chT03"]
[Site "Jenbach"]
[Date "2003.11.29"]
[Round "2"]
[Board "5"]
[White "Kleissl, Helmut"]
[Black "Roth, Peter"]
[Result "1/2-1/2"]
[WhiteElo "2311"]
[BlackElo "2301"]
[PlyCount "29"]

1.Nf3 c5 2.c4 b6 3.g3 Bb7 4.Bg2 Nf6 5.Nc3 e6 6.O-O a6 7.Re1 d6 8.e4 Qc7 9.d4
cxd4 10.Nxd4 Be7 11.Be3 Nbd7 12.Rc1 Rc8 13.f4 Qb8 14.Qe2 Qa8 15.Bf2

[Event "aut_chT03"]
[Site "Jenbach"]
[Date "2003.11.29"]
[Round "2"]
[Board "6"]
[White "Wiedner, Robert"]
[Black "Blaas, Hansjoerg"]
[Result "1/2-1/2"]
[WhiteElo "2237"]
[BlackElo "2267"]
[PlyCount "138"]

1.c4 e5 2.Nc3 Nf6 3.g3 Nc6 4.Bg2 Bc5 5.Na4 Be7 6.e4 d6 7.Ne2 Nd4 8.O-O c5 9.Nac3
O-O 10.d3 h6 11.f4 Bg4 12.h3 Bxe2 13.Nxe2 Nh7 14.Nxd4 cxd4 15.Qg4 Qc8 16.Qxc8
Raxc8 17.Bf3 Rc7 18.Bd2 g5 19.fxe5 dxe5 20.a4 Nf6 21.a5 Rb8 22.b4 b5 23.c5 a6
24.Bd1 Kg7 25.Bb3 Rf8 26.Rac1 Ne8 27.Rf5 f6 28.h4 Kg6 29.hxg5 hxg5 30.Kg2 Ng7
31.Rff1 Rh8 32.Rh1 Rh5 33.Rxh5 Nxh5 34.Rh1 Bf8 35.Be6 Ng7 36.Bg4 Kf7 37.Rh8 Ke7
38.Kf3 Kf7 39.Bf5 Ke7 40.Kg4 Kf7 41.Be1 Ke7 42.Bh7 Rc8 43.Bg8 Rc7 44.Bd5 Ke8
45.Bd2 Ke7 46.Rh7 Ke8 47.Rh1 Be7 48.Ba8 Ra7 49.Bc6+ Kf7 50.Rf1 Ke6 51.Bd5+ Kd7
52.Rh1 Bf8 53.Rh2 Kd8 54.Rh6 Ke7 55.Bc1 Ne8 56.Rh1 Bg7 57.Kf5 Kf8 58.Kg6 Re7
59.Rh7 Rc7 60.Bd2 Re7 61.Bc6 Nc7 62.Bb7 Rd7 63.Bc8 Re7 64.Rh2 Kg8 65.Bb7 Rd7
66.Rf2 Bh8 67.Rh2 Rg7+ 68.Kf5 Rh7 69.Rxh7 Kxh7

[Event "aut_chT03"]
[Site "Jenbach"]
[Date "2003.11.30"]
[Round "3"]
[Board "1"]
[White "Mueller, Karsten"]
[Black "Kindermann, Stefan"]
[Result "1-0"]
[WhiteElo "2517"]
[BlackElo "2542"]
[PlyCount "51"]

1.e4 e6 2.d4 d5 3.exd5 exd5 4.Nf3 Bg4 5.h3 Bh5 6.Qe2+ Qe7 7.Be3 Nc6 8.Nc3 O-O-O
9.O-O-O Qb4 10.g4 Bg6 11.a3 Qa5 12.Qb5 Qxb5 13.Bxb5 Nb8 14.Ne5 f6 15.Nxg6 hxg6
16.Bd3 Ne7 17.h4 Nd7 18.Ne2 f5 19.g5 Nb6 20.Nf4 Kb8 21.b3 Nbc8 22.Rde1 Nd6 23.f3
Kc8 24.Bf2 Kd7 25.Kb2 c6 26.Bg3

[Event "aut_chT03"]
[Site "Jenbach"]
[Date "2003.11.30"]
[Round "3"]
[Board "2"]
[White "Kosten, Anthony C."]
[Black "Schwarz, Michael"]
[Result "1-0"]
[WhiteElo "2507"]
[BlackElo "2411"]
[PlyCount "75"]

1.c4 g6 2.Nc3 Bg7 3.g3 Nf6 4.Bg2 O-O 5.Nf3 c6 6.e4 d5 7.cxd5 cxd5 8.e5 Ne4 9.O-O
Nc6 10.d4 Bg4 11.h3 Bxf3 12.Bxf3 Nxc3 13.bxc3 e6 14.h4 Qc7 15.Bg5 Na5 16.Rc1 Nc4
17.Kg2 Rac8 18.Qd3 h6 19.Bf4 Qe7 20.Rc2 Rc6 21.h5 g5 22.Bc1 Rfc8 23.Be2 Na3
24.Bxa3 Qxa3 25.Rfc1 a6 26.f4 gxf4 27.gxf4 b5 28.f5 exf5 29.Bf3 Rd8 30.Kh1 b4
31.Rg1 Rxc3 32.Rxc3 Qxc3 33.Qxf5 Qe3 34.Rxg7+ Kxg7 35.Qf6+ Kh7 36.Qxf7+ Kh8
37.Qf6+ Kh7 38.Qe7+

[Event "aut_chT03"]
[Site "Jenbach"]
[Date "2003.11.30"]
[Round "3"]
[Board "3"]
[White "Schlosser, Michael"]
[Black "Freitag, Manfred"]
[Result "0-1"]
[WhiteElo "2372"]
[BlackElo "2383"]
[PlyCount "64"]

1.e4 c5 2.Nf3 d6 3.d4 cxd4 4.Nxd4 Nf6 5.Nc3 a6 6.Be3 e5 7.Nb3 Be6 8.f3 Be7 9.Qd2
O-O 10.O-O-O Qc7 11.g4 Rc8 12.Kb1 d5 13.exd5 Nxd5 14.Nxd5 Bxd5 15.Qf2 Qc6 16.Bg2
a5 17.Nc1 Na6 18.Rd2 Bb4 19.Rd3 Nc5 20.Rdd1 Na4 21.Rd3 Qb5 22.Nb3 Bc4 23.Rdd1
Nxb2 24.Kxb2 a4 25.Bf1 axb3 26.cxb3 Rxa2+ 27.Kb1 Ra1+ 28.Kxa1 Bc3+ 29.Kb1 Qxb3+
30.Kc1 Qa3+ 31.Kb1 Qa1+ 32.Kc2 Qb2#

[Event "aut_chT03"]
[Site "Jenbach"]
[Date "2003.11.30"]
[Round "3"]
[Board "6"]
[White "Singer, Richard"]
[Black "Frosch, Ronald"]
[Result "1-0"]
[WhiteElo "2269"]
[BlackElo "2210"]
[PlyCount "87"]

1.d4 d6 2.e4 c6 3.c4 e5 4.Nf3 Qc7 5.Nc3 Nf6 6.h3 Be7 7.Be2 Nbd7 8.O-O Nf8 9.Qc2
Ng6 10.Rd1 O-O 11.b4 h6 12.Be3 Nh7 13.Rab1 Ng5 14.d5 Nxf3+ 15.Bxf3 Nh4 16.Bg4 f5
17.exf5 Bxf5 18.Ne4 Bxg4 19.hxg4 Qd7 20.Qe2 cxd5 21.Rxd5 Qe6 22.Rbd1 Qg6 23.f3
h5 24.Rxd6 Bxd6 25.Rxd6 Qe8 26.Bg5 hxg4 27.Bxh4 gxf3 28.Qd3 Qh5 29.g3 Qf5 30.Nf2
e4 31.Qxe4 Qxe4 32.Nxe4 Rae8 33.Rd4 Re5 34.Kf2 a5 35.a3 Kh7 36.Bg5 axb4 37.axb4
Ra8 38.Kxf3 Ra3+ 39.Kg4 Rb3 40.c5 Re6 41.Bf4 Re8 42.Nd6 Rd8 43.Rc4 Rd7 44.Kf5

[Event "aut_chT03"]
[Site "Jenbach"]
[Date "2003.11.30"]
[Round "3"]
[Board "2"]
[White "Schlosser, Philipp"]
[Black "Beim, Valeri"]
[Result "1/2-1/2"]
[WhiteElo "2560"]
[BlackElo "2518"]
[PlyCount "33"]

1.d4 f5 2.c4 Nf6 3.Nc3 g6 4.f3 Bg7 5.e4 fxe4 6.fxe4 d6 7.Nf3 O-O 8.Be2 c5 9.d5
Ng4 10.O-O Ne5 11.Kh1 Nbd7 12.Qe1 Nf7 13.Bd2 Nde5 14.a3 Bd7 15.Rc1 Rc8 16.Nd1 e6
17.Ne3

[Event "aut_chT03"]
[Site "Jenbach"]
[Date "2003.11.30"]
[Round "3"]
[Board "3"]
[White "Lau, Ralf"]
[Black "Stangl, Markus"]
[Result "0-1"]
[WhiteElo "2497"]
[BlackElo "2493"]
[PlyCount "88"]

1.e4 c5 2.Nc3 d6 3.f4 Nc6 4.Nf3 g6 5.Bb5 Bd7 6.O-O Bg7 7.Kh1 e6 8.Bxc6 Bxc6 9.d4
Ne7 10.Be3 b6 11.Qe1 Qd7 12.Rd1 Qc7 13.a4 h6 14.e5 dxe5 15.Nxe5 O-O 16.dxc5 bxc5
17.Qf2 c4 18.Bc5 Rfc8 19.Nxc6 Nxc6 20.Nb5 Qa5 21.b3 cxb3 22.cxb3 Rab8 23.g4 a6
24.Nd6 Rd8 25.f5 Ne5 26.fxe6 fxe6 27.Nc4 Nxc4 28.Rxd8+ Rxd8 29.bxc4 Qxa4 30.Qf7+
Kh7 31.Qxe6 Rd1 32.Rxd1 Qxd1+ 33.Kg2 a5 34.h3 a4 35.Qf7 Qc2+ 36.Kg3 Qc3+ 37.Qf3
Qxc4 38.Ba3 Qb3 39.Kf2 Qxf3+ 40.Kxf3 Kg8 41.Ke4 Bf8 42.Bxf8 Kxf8 43.Kd4 Ke7
44.Kc4 Ke6

[Event "aut_chT03"]
[Site "Jenbach"]
[Date "2003.11.30"]
[Round "3"]
[Board "4"]
[White "Weinzettl, Ernst"]
[Black "Balinov, Ilia"]
[Result "0-1"]
[WhiteElo "2343"]
[BlackElo "2398"]
[PlyCount "160"]

1.e4 c5 2.Nf3 b6 3.d4 cxd4 4.Nxd4 Bb7 5.Nc3 a6 6.Bg5 Qc7 7.Bd3 e6 8.Qe2 Bb4
9.O-O Ne7 10.Be3 Nbc6 11.Kh1 Nxd4 12.Bxd4 e5 13.Be3 O-O 14.Na4 b5 15.a3 Bd6
16.Nb6 Rad8 17.c4 Bc5 18.Nd5 Bxd5 19.exd5 bxc4 20.Bxc4 Bxe3 21.fxe3 a5 22.Rac1
Qd6 23.Qd2 Rb8 24.b3 g6 25.Qxa5 Nf5 26.Qe1 Qxa3 27.Rd1 Qe7 28.Qd2 Nd6 29.Qd3 f5
30.Ra1 Ra8 31.Qc3 Qf6 32.Rxa8 Rxa8 33.Ra1 Rxa1+ 34.Qxa1 Qh4 35.h3 Qg3 36.Qa8+
Kg7 37.Qd8 Ne4 38.Qe7+ Kh6 39.Qf8+ Kg5 40.Qe7+ Kh6 41.Qf8+ Kh5 42.Be2+ Kg5
43.Qe7+ Kh6 44.Qf8+ Kg5 45.Qe7+ Nf6 46.b4 Qxe3 47.Kh2 Qf4+ 48.Kg1 h5 49.Bxh5
Qd4+ 50.Kh2 Qh4 51.g3 Qd4 52.Bf3 e4 53.h4+ Kh6 54.Qf8+ Kh7 55.Qf7+ Kh8 56.Qf8+
Kh7 57.Qf7+ Kh8 58.Qf8+ Ng8 59.Bg2 Qxd5 60.Qe8 Kg7 61.h5 gxh5 62.Qxh5 Nf6
63.Qg5+ Kf7 64.Bh3 Ke6 65.g4 Qe5+ 66.Kg2 Qb2+ 67.Kh1 Qb1+ 68.Kh2 Qc2+ 69.Kg3
Qc3+ 70.Kh2 Qe5+ 71.Kh1 fxg4 72.Bxg4+ Kd6 73.Qd2+ Ke7 74.Be2 Nd5 75.b5 Nf4
76.Qb4+ Kd8 77.Qa5+ Ke8 78.Qa8+ Ke7 79.b6 Nxe2 80.b7 Qg3

[Event "aut_chT03"]
[Site "Jenbach"]
[Date "2003.11.30"]
[Round "3"]
[Board "5"]
[White "Mahdy, Khaled"]
[Black "Kleissl, Helmut"]
[Result "1/2-1/2"]
[WhiteElo "2418"]
[BlackElo "2311"]
[PlyCount "74"]

1.e4 d6 2.d4 Nf6 3.Nc3 g6 4.Nf3 Bg7 5.Bd3 Bg4 6.Be3 Nc6 7.h3 Bxf3 8.Qxf3 O-O
9.O-O Nd7 10.d5 Nce5 11.Qd1 Nxd3 12.cxd3 c5 13.Qd2 Qa5 14.Bh6 Qb4 15.Bxg7 Kxg7
16.a3 Qb3 17.a4 Qb4 18.Qc2 Qa5 19.f4 a6 20.Kh1 Qc7 21.Nd1 b5 22.Ne3 f6 23.Ra2
Qb6 24.Qe2 Rfc8 25.b3 bxa4 26.bxa4 Rab8 27.Nc4 Qc7 28.a5 Rb3 29.Raa1 Rcb8
30.Rae1 Re8 31.Qf3 e5 32.dxe6 Rxe6 33.Rb1 Rb5 34.Qg3 Re8 35.Rbc1 Qc6 36.f5 Ne5
37.fxg6 hxg6

[Event "aut_chT03"]
[Site "Jenbach"]
[Date "2003.11.30"]
[Round "3"]
[Board "6"]
[White "Blaas, Hansjoerg"]
[Black "Kilgus, Georg"]
[Result "1/2-1/2"]
[WhiteElo "2267"]
[BlackElo "2340"]
[PlyCount "103"]

1.e4 c5 2.Nf3 e6 3.c3 Nf6 4.e5 Nd5 5.d4 cxd4 6.cxd4 d6 7.Be2 Be7 8.O-O O-O 9.Nc3
Nxc3 10.bxc3 Qc7 11.Qb3 Nc6 12.Bf4 dxe5 13.Bxe5 Nxe5 14.Nxe5 Bd6 15.f4 f6 16.Nd3
Bd7 17.c4 Qb6 18.Qc3 Rac8 19.c5 Bb8 20.Bf3 Rc7 21.a4 a5 22.Rf2 Qa6 23.Rb2 b6
24.Rab1 Ba7 25.f5 bxc5 26.Nxc5 Qd6 27.Rb7 Rfc8 28.Rxc7 Rxc7 29.fxe6 Bxe6 30.Rb5
Bb6 31.Qe3 Bf7 32.g3 Kf8 33.Kg2 Re7 34.Qf4 Qxf4 35.gxf4 Bc7 36.f5 g6 37.fxg6
hxg6 38.d5 Re3 39.Nb7 Be8 40.Rc5 Bb6 41.Rc8 Kg7 42.Nc5 Bxc5 43.Rxc5 Ra3 44.d6
Rd3 45.Bd5 Bxa4 46.Rxa5 f5 47.Kf2 Bd7 48.Ke2 Rd4 49.Ke3 Ra4 50.Rxa4 Bxa4 51.Kf4
Kf6 52.h4

[Event "aut_chT03"]
[Site "Jenbach"]
[Date "2003.11.30"]
[Round "3"]
[Board "2"]
[White "Horvath, Jozsef"]
[Black "Rabiega, Robert"]
[Result "1-0"]
[WhiteElo "2532"]
[BlackElo "2527"]
[PlyCount "88"]

1.c4 e5 2.g3 Nf6 3.Bg2 c6 4.d4 Bb4+ 5.Bd2 Bxd2+ 6.Qxd2 d6 7.Nc3 O-O 8.e4 Nbd7
9.Nf3 Re8 10.O-O a6 11.Rfd1 b5 12.c5 b4 13.Na4 Qa5 14.Qc2 dxc5 15.dxe5 Nxe5
16.Nxe5 Rxe5 17.f4 Re8 18.b3 Bg4 19.Re1 Rad8 20.Qxc5 Qxc5+ 21.Nxc5 Bc8 22.Rac1
Nd7 23.Nd3 a5 24.Nb2 Nb6 25.Rxc6 Rd2 26.Nd1 Nd7 27.Ne3 Bb7 28.Rc2 Rxc2 29.Nxc2
Nc5 30.e5 Bxg2 31.Kxg2 Rc8 32.Nd4 Ne6 33.Nxe6 fxe6 34.Kf3 Kf7 35.Ke3 h5 36.Kd2
Rd8+ 37.Kc2 Kg6 38.Rd1 Rxd1 39.Kxd1 Kf5 40.Ke2 Ke4 41.h4 g6 42.Kf2 Kd4 43.g4
hxg4 44.Kg3 Kc3

[Event "aut_chT03"]
[Site "Jenbach"]
[Date "2003.11.30"]
[Round "3"]
[Board "3"]
[White "Muse, Mladen"]
[Black "Steflitsch, Erich"]
[Result "1-0"]
[WhiteElo "2452"]
[BlackElo "2388"]
[PlyCount "55"]

1.c4 e5 2.Nc3 Nc6 3.g3 g6 4.Bg2 Bg7 5.e3 Nge7 6.Nge2 Nf5 7.b3 O-O 8.O-O d6 9.Rb1
h5 10.b4 a6 11.a4 h4 12.b5 axb5 13.axb5 Nce7 14.d4 hxg3 15.hxg3 c6 16.dxe5 dxe5
17.Qb3 Be6 18.Rd1 Qc8 19.Na4 Rd8 20.Rxd8+ Qxd8 21.Nc5 Bc8 22.Nc3 Nd6 23.Bb2 Bg4
24.Ba3 Qc7 25.b6 Qb8 26.N3e4 Nec8 27.f3 Bf5 28.Rd1

[Event "aut_chT03"]
[Site "Jenbach"]
[Date "2003.11.30"]
[Round "3"]
[Board "4"]
[White "Hoelzl, Franz"]
[Black "Herndl, Harald"]
[Result "1/2-1/2"]
[WhiteElo "2361"]
[BlackElo "2313"]
[PlyCount "81"]

1.c4 e5 2.d3 Nf6 3.Nf3 Nc6 4.a3 g6 5.b4 d6 6.Bb2 Bg7 7.e3 O-O 8.Be2 Ne8 9.Nc3 f5
10.O-O g5 11.Nd2 g4 12.Re1 b6 13.Bf1 Bb7 14.Nd5 Ne7 15.e4 Nxd5 16.exd5 Nf6 17.g3
Qd7 18.Bg2 Rf7 19.f3 gxf3 20.Nxf3 Bh6 21.d4 e4 22.Ne5 dxe5 23.dxe5 Nxd5 24.cxd5
Qxd5 25.Qh5 Qe6 26.Rad1 Raf8 27.Bf1 e3 28.b5 Rg7 29.Rd4 Rg5 30.Qxg5+ Bxg5 31.Bc4
Qxc4 32.Rxc4 f4 33.gxf4 Bxf4 34.Rxc7 Bf3 35.Rxa7 Rc8 36.e6 Rc2 37.Rg7+ Kf8
38.Rf7+ Ke8 39.Rxf4 Rg2+ 40.Kf1 Rf2+ 41.Kg1

[Event "aut_chT03"]
[Site "Jenbach"]
[Date "2003.11.30"]
[Round "3"]
[Board "5"]
[White "Fahrner, Kurt"]
[Black "Pilaj, Herwig"]
[Result "1/2-1/2"]
[WhiteElo "2376"]
[BlackElo "2375"]
[PlyCount "93"]

1.c4 Nf6 2.Nc3 e6 3.g3 d5 4.d4 c6 5.cxd5 cxd5 6.Bg2 Nc6 7.Nf3 Qb6 8.O-O Be7
9.Na4 Qa6 10.Bg5 h6 11.Bxf6 Bxf6 12.e3 b6 13.Re1 Bd7 14.Bf1 Qb7 15.Rc1 O-O 16.a3
Rac8 17.b4 Nxd4 18.Nxd4 Rxc1 19.Qxc1 Bxd4 20.exd4 Bxa4 21.Re3 Rc8 22.Rc3 Rxc3
23.Qxc3 Qc6 24.Qxc6 Bxc6 25.f4 Ba4 26.Bd3 f6 27.Kf2 Kf7 28.Ke3 Ke7 29.Bb1 Bb3
30.Bd3 Kd6 31.Bg6 Bc4 32.Bc2 a5 33.Bg6 axb4 34.axb4 Bb3 35.Bd3 e5 36.Bg6 Ba4
37.Bd3 e4 38.Bf1 Kc6 39.Be2 Bb3 40.b5+ Kd6 41.f5 Ke7 42.h4 Kf7 43.h5 Ke7 44.Kd2
Bc4 45.Ke3 Ba2 46.g4 Kd6 47.Kd2